LEADER 00969nam a2200241 u 4500 001 000000011720 003 CaOOAMICUS 005 20070226105445.0 008 940516s1970 it u000 u ita u 035 $a10287332 040 $aPUL$bita 100 1 $aMeneghelli, Ruggero.$0(OLS)http://pul/name/11255 245 10$aFede cristiana e potere politico in Clemente Romano /$cRuggero Meneghelli. 260 $aBologna :$bPātron,$cc1970. 300 $a130 p. ;$c22 cm 600 04$aClemens PP.$bI,$cRomanus, s.,$dm. c. 99.$0(OLS)http://pul/subject/7388 850 $aPUL 852 $aPUL$W1$xSL Religione 1$y3$m23 E 21$j16554$nBK-PRI$b $qStampati$B16554$CPULBib$Z2$F16554 $H $81 941 1 $a8 960 $aClemente$bI,$cpapa, s.,$dm. c. 99$97388 961 $aINV: 47424 996 $6245$aFede cristiana e potere politico in Clemente Romano$9(OLS)http://pul/title/16976 996 $6260$aBologna :$bPātron$9(OLS)http://pul/publisher/48272 LEADER 01010nam a2200253 a 4500 001 000000140418 003 CaOOAMICUS 005 20141107141255.0 008 141107s1985 it u000 u ita r 040 $aPUL$bita 100 1 $aCherubini, Giovanni,$d1936-$0(OLS)http://pul/name/1125 245 12$aL'Italia rurale del basso Medioevo /$cGiovanni Cherubini. 260 $aRoma ;$aBari :$bLaterza,$c1985. 300 $aVI, 349 p. ;$c22 cm 490 1 $aBiblioteca di cultura moderna ;$v910 504 $aBibliografia in nota. 651 4$aItalia$xStoria$yEvo medio.$0(OLS)http://pul/subject/18027 830 0$aBiblioteca di cultura moderna (Editori Laterza) ;$v910.$0(OLS)http://pul/title/3128 850 $aPUL 852 $aPUL$W1$xDP1 Fondo Capitani$y116$m1 A 78.910$j162223$qFondi$B161724$CPULBib$Z2$F161724 $82 941 1 $a1 996 $6245$aL'Italia rurale del basso Medioevo$9(OLS)http://pul/title/177738 996 $6260$aRoma ;$aBari :$bLaterza$9(OLS)http://pul/publisher/57682